000
00264nam a22001217a 4500
008
180926b xxu||||| |||| 00| 0 eng d
041
_a
eng
080
_a
041
100
_a
16
101
_a
HIS
245
_a
The story of English
_c
Robert.
942
_2
udc
_c
BK
999
_c
48523
_d
48523